[Event "13e tournoi d'automne - tournoi A"]
[Site "Montigny le Bretonneux"]
[Date "2014.10.23"]
[Round "6.2"]
[White "Rettore, Ludwig"]
[Black "Koenig, Joel"]
[Result "1-0"]
[WhiteElo "2135"]
[BlackElo "1829"]
[Annotator "Rivier,Sylvain"]
[PlyCount "59"]
[EventDate "2014.??.??"]

{Ouverture du pion roi} 1. Nf3 Nc6 2. d4 d6 3. d5 Nb8 4. e4 Nf6 5. Bd3 g6 6.
Nc3 Bg7 7. Be3 Nbd7 8. Qd2 Ng4 9. Bf4 h6 10. O-O-O g5 11. Bg3 Nde5 12. Be2 Nxf3
13. gxf3 Ne5 14. f4 Ng6 15. f5 Ne5 16. f4 Nd7 17. h4 gxf4 18. Bxf4 h5 19. Rdg1
Bf6 20. Rg2 Ne5 21. Rhg1 Ng4 22. Bxg4 hxg4 23. Rxg4 Kd7 24. h5 c5 25. dxc6+ Kc7
26. Nb5+ Kxc6 27. Qd5+ Kb6 28. Be3+ Ka6 29. e5 Qa5 30. Nc7+ 1-0

[Event "13e tournoi d'automne - tournoi A"]
[Site "Montigny le Bretonneux"]
[Date "2014.10.23"]
[Round "6.3"]
[White "Veron, Cyprien"]
[Black "Renoux, Frederic"]
[Result "1-0"]
[WhiteElo "2031"]
[BlackElo "1884"]
[Annotator "Rivier,Sylvain"]
[PlyCount "89"]
[EventDate "2014.??.??"]

{Ouverture anglaise, variante symétrique} 1. Nf3 c5 2. c4 Nc6 3. d4 cxd4 4.
Nxd4 Qb6 5. e3 e6 6. a3 Nf6 7. Nc3 a6 8. Be2 Be7 9. O-O O-O 10. b4 d6 11. Bb2
Qc7 12. Rc1 Rb8 13. Qb3 Bd7 14. Rfd1 Rfc8 15. Rd2 Qd8 16. Nf3 Qe8 17. Qd1 Na7
18. Ng5 e5 19. Nge4 Nxe4 20. Nxe4 Ba4 21. Qf1 Rd8 22. f4 Bc6 23. Ng3 Bf8 24. e4
g6 25. Qf2 exf4 26. Qd4 Qe5 27. Qxa7 Qg5 28. Qd4 f5 29. Qh8+ Kf7 30. Qxh7+ Ke8
31. Nh5 Be7 32. h4 Qxh4 33. Qxg6+ Kd7 34. Qxf5+ Kc7 35. Nxf4 Bd7 36. Qa5+ b6
37. Nd5+ Kc8 38. Qxa6+ Rb7 39. Qa8+ Rb8 40. Nxb6+ Kc7 41. Nd5+ Kc8 42. Qa6+ Rb7
43. c5 dxc5 44. Qa8+ Rb8 45. Ba6# 1-0

[Event "13e tournoi d'automne - tournoi A"]
[Site "Montigny le Bretonneux"]
[Date "2014.10.23"]
[Round "6.4"]
[White "Fruchard, Cyrille"]
[Black "Plantet, Marc"]
[Result "1-0"]
[WhiteElo "2011"]
[BlackElo "1858"]
[Annotator "Rivier,Sylvain"]
[PlyCount "83"]
[EventDate "2014.??.??"]

{Gambit dame, défense Tchigorine} 1. d4 d5 2. c4 Nc6 3. Nc3 dxc4 4. e3 e5 5.
Nf3 exd4 6. exd4 Nf6 7. Bxc4 Bd6 8. O-O O-O 9. Bg5 h6 10. Bh4 Bg4 11. h3 Bxf3
12. Qxf3 Nxd4 13. Qxb7 Nf5 14. Bxf6 Qxf6 15. Qf3 Qe5 16. g3 Nd4 17. Qd3 Rab8
18. Rfe1 Qf6 19. Nd5 Nf3+ 20. Kh1 Qd4 21. Qxf3 Qxc4 22. b3 Qb5 23. Rac1 Rfe8
24. Rxe8+ Rxe8 25. Nxc7 Bxc7 26. Rxc7 f6 27. Kh2 Qa5 28. Qb7 Qg5 29. Rc8 Rxc8
30. Qxc8+ Kh7 31. Qc2+ Kg8 32. b4 Qb5 33. Qb3+ Kh8 34. a4 Qe2 35. Qe3 Qc4 36.
Qxa7 Qxb4 37. Qa8+ Kh7 38. a5 f5 39. a6 f4 40. g4 Qe1 41. Kg2 f3+ 42. Qxf3 1-0

[Event "13e tournoi d'automne - tournoi A"]
[Site "Montigny le Bretonneux"]
[Date "2014.10.23"]
[Round "6.5"]
[White "De Lagontrie, Jean"]
[Black "Forissier, Nicolas"]
[Result "0-1"]
[WhiteElo "1870"]
[BlackElo "1929"]
[Annotator "Rivier,Sylvain"]
[PlyCount "86"]
[EventDate "2014.??.??"]

{Défense Grünfeld, variante Sokolsky} 1. d4 Nf6 2. c4 g6 3. Nc3 d5 4. cxd5 Nxd5
5. e4 Nxc3 6. bxc3 Bg7 7. Bc4 O-O 8. Ne2 c5 9. Be3 cxd4 10. cxd4 Nc6 11. O-O
Bg4 12. f3 Na5 13. Bd3 Bc8 14. Rc1 a6 15. Qd2 b5 16. Rc2 Nb7 17. e5 Be6 18. Be4
Bd5 19. Bxd5 Qxd5 20. Nc3 Qd8 21. Ne4 Na5 22. Bf2 Nc4 23. Qc1 Qa5 24. Nc5 Qa3
25. e6 Qxc1 26. Rcxc1 Bh6 27. Rc3 Rfd8 28. exf7+ Kxf7 29. h4 Rd5 30. Ne4 Rc8
31. Re1 b4 32. Rc2 a5 33. Ng5+ Bxg5 34. hxg5 Nd6 35. Rec1 Rxc2 36. Rxc2 Rxg5
37. Rc5 Rxc5 38. dxc5 Nb5 39. c6 a4 40. c7 Nxc7 41. Bd4 Nb5 42. Bb2 Nd6 43. Kf1
Nc4 0-1

[Event "13e tournoi d'automne - tournoi A"]
[Site "Montigny le Bretonneux"]
[Date "2014.10.24"]
[Round "7.1"]
[White "Iasoni, Robert"]
[Black "Veron, Cyprien"]
[Result "1/2-1/2"]
[WhiteElo "2137"]
[BlackElo "2031"]
[Annotator "Rivier,Sylvain"]
[PlyCount "45"]
[EventDate "2014.??.??"]

{Partie du pion dame} 1. d4 d5 2. Nf3 Nf6 3. e3 e6 4. Bd3 c5 5. O-O c4 6. Be2
b5 7. b3 Bb7 8. a4 a6 9. Ne5 Bd6 10. Bb2 Qc7 11. axb5 axb5 12. Rxa8 Bxa8 13. f4
O-O 14. Bf3 Nbd7 15. Qe1 Bc6 16. Nxd7 Nxd7 17. Bc3 Ra8 18. Bb4 Ra2 19. Rf2 Ra1
20. Bc3 Ra2 21. Bb4 Ra1 22. Bc3 Ra2 23. Bb4 1/2-1/2

[Event "13e tournoi d'automne - tournoi A"]
[Site "Montigny le Bretonneux"]
[Date "2014.10.24"]
[Round "7.2"]
[White "Renoux, Frederic"]
[Black "Rettore, Ludwig"]
[Result "1-0"]
[WhiteElo "1884"]
[BlackElo "2135"]
[Annotator "Rivier,Sylvain"]
[PlyCount "65"]
[EventDate "2014.??.??"]

{Gambit dame, défense Tarrasch, variante de Prague} 1. d4 d5 2. c4 e6 3. Nf3 c5
4. cxd5 exd5 5. g3 Nc6 6. Bg2 Nf6 7. O-O Be7 8. Nc3 cxd4 9. Nxd4 O-O 10. h3 Re8
11. Bg5 h6 12. Be3 Bf8 13. Rc1 a6 14. Nxc6 bxc6 15. Na4 Rb8 16. Rxc6 Rxe3 17.
fxe3 Qe8 18. Rcxf6 gxf6 19. Rf3 Bd7 20. Nc3 Rxb2 21. Nxd5 Bg7 22. Rxf6 Rxa2 23.
Kh2 Qe5 24. Qf1 Be6 25. Ne7+ Kh8 26. Rxf7 Qg5 27. Rf8+ Bxf8 28. Qxf8+ Bg8 29.
Nxg8 Qg7 30. Qe8 Qb2 31. Bf3 Kg7 32. Qe7+ Kh8 33. Nf6 1-0

[Event "13e tournoi d'automne - tournoi A"]
[Site "Montigny le Bretonneux"]
[Date "2014.10.24"]
[Round "7.3"]
[White "Plantet, Marc"]
[Black "David, Frederic"]
[Result "1-0"]
[WhiteElo "1858"]
[BlackElo "2043"]
[Annotator "Rivier,Sylvain"]
[PlyCount "69"]
[EventDate "2014.??.??"]

{Ouverture irrégulière} 1. b4 e5 2. Bb2 d6 3. c4 Nf6 4. d3 Be7 5. g3 O-O 6. Bg2
c6 7. a3 Be6 8. Nd2 Nfd7 9. Ngf3 f5 10. e3 a5 11. O-O Bf6 12. Qc2 Na6 13. Bc3
axb4 14. axb4 Rc8 15. Qb2 Qe7 16. Rfd1 Ra8 17. Ra3 Nc7 18. Rda1 Rab8 19. Ra7 g5
20. Nb3 g4 21. Nfd2 d5 22. Na5 d4 23. exd4 exd4 24. Bxd4 Bxd4 25. Qxd4 Qxb4 26.
Ra2 Ne8 27. Rb2 Qa4 28. Nxc6 Qd1+ 29. Nf1 bxc6 30. Rxb8 Nxb8 31. Qe5 Bxc4 32.
dxc4 Qd6 33. Qe3 Qg6 34. c5 Qf6 35. Qb3+ 1-0

[Event "13e tournoi d'automne - tournoi A"]
[Site "Montigny le Bretonneux"]
[Date "2014.10.24"]
[Round "7.4"]
[White "Forissier, Nicolas"]
[Black "Fruchard, Cyrille"]
[Result "1/2-1/2"]
[WhiteElo "1929"]
[BlackElo "2011"]
[Annotator "Rivier,Sylvain"]
[PlyCount "49"]
[EventDate "2014.??.??"]

{Défense est-indienne, variante du fianchetto} 1. d4 Nf6 2. c4 g6 3. Nc3 Bg7 4.
g3 O-O 5. Bg2 d6 6. Nf3 Nbd7 7. O-O e5 8. dxe5 dxe5 9. Qb3 c6 10. Rd1 Qc7 11.
Ng5 h6 12. Nge4 Ne8 13. Be3 f5 14. c5+ Kh7 15. Nd6 Nxd6 16. cxd6 Qd8 17. Na4 e4
18. Nc5 Nxc5 19. Bxc5 b6 20. Bd4 Bxd4 21. Rxd4 Qd7 22. f3 exf3 23. Bxf3 Bb7 24.
Rb1 c5 25. Rd2 1/2-1/2

[Event "13e tournoi d'automne - tournoi A"]
[Site "Montigny le Bretonneux"]
[Date "2014.10.24"]
[Round "7.5"]
[White "Koenig, Joel"]
[Black "De Lagontrie, Jean"]
[Result "1-0"]
[WhiteElo "1829"]
[BlackElo "1870"]
[Annotator "Rivier,Sylvain"]
[PlyCount "89"]
[EventDate "2014.??.??"]

{Défense française, variante Tarrasch ouverte} 1. Nc3 d5 2. e4 e6 3. Nf3 Nf6 4.
e5 Nfd7 5. d4 c5 6. Ne2 cxd4 7. Nexd4 Nc6 8. Nxc6 bxc6 9. Bd3 Ba6 10. O-O Bxd3
11. Qxd3 Be7 12. b3 O-O 13. Bb2 Qc7 14. Rfd1 c5 15. Re1 a5 16. a4 Rfd8 17. Qe3
d4 18. Qe4 Nb6 19. Nd2 Rab8 20. Rab1 g6 21. Qe2 Nd5 22. Nc4 Nb4 23. Rbd1 Rd7
24. Ba3 Nd5 25. Bb2 Rbd8 26. g3 Nb4 27. Rd2 d3 28. cxd3 Rxd3 29. Red1 Rxb3 30.
Rxd8+ Bxd8 31. Rd2 Nd5 32. Nd6 Rb4 33. Rc2 Rxa4 34. Qb5 Rb4 35. Qe8+ Kg7 36.
Bc1 Rb1 37. Qa4 Qe7 38. Kg2 Rxc1 39. Rxc1 h5 40. Rxc5 Qg5 41. Qe8 Qxe5 42.
Qxf7+ Kh6 43. Qf8+ Kh7 44. Rc8 Bf6 45. Qg8+ 1-0

[Event "13e tournoi d'automne - tournoi A"]
[Site "Montigny le Bretonneux"]
[Date "2014.10.25"]
[Round "8.1"]
[White "Rettore, Ludwig"]
[Black "Iasoni, Robert"]
[Result "1-0"]
[WhiteElo "2135"]
[BlackElo "2137"]
[Annotator "Rivier,Sylvain"]
[PlyCount "87"]
[EventDate "2014.??.??"]

{Début Réti} 1. Nf3 Nf6 2. g3 d6 3. Bg2 c6 4. O-O g6 5. d3 Bg7 6. e4 O-O 7.
Nbd2 Qa5 8. Nh4 e5 9. Nc4 Qc7 10. a4 b5 11. axb5 cxb5 12. Ne3 Nc6 13. c3 a5 14.
f4 exf4 15. gxf4 Re8 16. f5 Ra6 17. fxg6 hxg6 18. Nf3 Qa7 19. Kh1 a4 20. Ng5
Na5 21. Nc2 Nb3 22. Be3 Qe7 23. Rb1 Rf8 24. Nb4 Bg4 25. Qe1 Raa8 26. Qh4 Bh5
27. h3 Rac8 28. Rf2 d5 29. Rbf1 d4 30. Rxf6 dxe3 31. Rxf7 Rxf7 32. Rxf7 Qd6 33.
Nd5 Re8 34. Nxe3 Qxd3 35. Ng4 Qb1+ 36. Kh2 Qxb2 37. e5 a3 38. Nf6+ Bxf6 39.
exf6 Re2 40. Rg7+ Kf8 41. Nh7+ Ke8 42. f7+ Kd7 43. f8=Q+ Re7 44. Qhxe7# 1-0

[Event "13e tournoi d'automne - tournoi A"]
[Site "Montigny le Bretonneux"]
[Date "2014.10.25"]
[Round "8.2"]
[White "David, Frederic"]
[Black "Forissier, Nicolas"]
[Result "0-1"]
[WhiteElo "2043"]
[BlackElo "1929"]
[Annotator "Rivier,Sylvain"]
[PlyCount "66"]
[EventDate "2014.??.??"]

{Partie espagnole, défense Morphy} 1. e4 e5 2. Nf3 Nc6 3. Bb5 a6 4. Ba4 Nf6 5.
O-O b5 6. Bb3 Be7 7. a3 Nxe4 8. Re1 d5 9. Nc3 Nxc3 10. dxc3 Be6 11. Nxe5 Nxe5
12. Rxe5 c6 13. Re1 O-O 14. Bf4 Bc5 15. Qd2 Qh4 16. Re5 Qf6 17. Rg5 Bf5 18. Rg3
Rfe8 19. Be3 Bxe3 20. Rxe3 Re6 21. a4 Rae8 22. axb5 Rxe3 23. fxe3 axb5 24. Ra6
Be4 25. Qf2 Qg6 26. g3 h6 27. Ra7 Re6 28. Ra8+ Kh7 29. Ra1 Rf6 30. Qd2 Qg4 31.
Rf1 Rf3 32. Qe1 h5 33. Qe2 Rxg3+ 0-1

[Event "13e tournoi d'automne - tournoi A"]
[Site "Montigny le Bretonneux"]
[Date "2014.10.25"]
[Round "8.3"]
[White "Veron, Cyprien"]
[Black "Plantet, Marc"]
[Result "1/2-1/2"]
[WhiteElo "2031"]
[BlackElo "1858"]
[Annotator "Rivier,Sylvain"]
[PlyCount "55"]
[EventDate "2014.??.??"]

{Ouverture anglaise, variante symétrique} 1. Nf3 Nf6 2. c4 c5 3. d4 cxd4 4.
Nxd4 e6 5. g3 Bc5 6. Bg2 Qb6 7. e3 d5 8. O-O Bxd4 9. Qxd4 Qxd4 10. exd4 Nc6 11.
Rd1 O-O 12. b3 h6 13. Bb2 Rd8 14. Na3 Bd7 15. Nb5 Ne7 16. Ba3 Ng6 17. Nd6 Bc6
18. Rac1 Rd7 19. f4 Ne7 20. c5 Ne4 21. Nxe4 dxe4 22. Bb2 f5 23. Bf1 Nd5 24. Bc4
Kf7 25. Kf2 Kf6 26. a3 a5 27. Ba1 g5 28. Bxd5 1/2-1/2

[Event "13e tournoi d'automne - tournoi A"]
[Site "Montigny le Bretonneux"]
[Date "2014.10.25"]
[Round "8.4"]
[White "De Lagontrie, Jean"]
[Black "Fruchard, Cyrille"]
[Result "1/2-1/2"]
[WhiteElo "1870"]
[BlackElo "2011"]
[Annotator "Rivier,Sylvain"]
[PlyCount "92"]
[EventDate "2014.??.??"]

{Défense Benoni, attaque des quatre pions} 1. d4 Nf6 2. c4 g6 3. Nc3 Bg7 4. e4
d6 5. f4 O-O 6. Nf3 c5 7. d5 e6 8. Be2 exd5 9. cxd5 Bg4 10. O-O Re8 11. h3 Bxf3
12. Bxf3 a6 13. Re1 Nbd7 14. a4 Qc7 15. Be3 Rab8 16. Bf2 Kh8 17. Kh1 Ng8 18.
Re2 Nh6 19. g4 Bxc3 20. bxc3 f6 21. g5 fxg5 22. fxg5 Nf7 23. h4 Nfe5 24. Bg2
Rf8 25. Bg3 Rf7 26. Rf2 Rxf2 27. Bxf2 Qa5 28. c4 Nxc4 29. Be1 Qd8 30. Bc3+ Nce5
31. Qe2 Qe7 32. Bh3 Rf8 33. Rf1 Kg7 34. a5 Rxf1+ 35. Qxf1 Qf7 36. Kg2 Qxf1+ 37.
Kxf1 Kf7 38. Ke2 Ke7 39. Be6 b5 40. axb6 Nxb6 41. Bg8 Kf8 42. Be6 Nbc4 43. Bc8
a5 44. Ba6 a4 45. Bxc4 Nxc4 46. Kd3 Nb6 1/2-1/2

[Event "13e tournoi d'automne - tournoi A"]
[Site "Montigny le Bretonneux"]
[Date "2014.10.25"]
[Round "8.5"]
[White "Koenig, Joel"]
[Black "Renoux, Frederic"]
[Result "0-1"]
[WhiteElo "1829"]
[BlackElo "1884"]
[Annotator "Rivier,Sylvain"]
[PlyCount "100"]
[EventDate "2014.??.??"]

{Ouverture irrégulière} 1. Nc3 e6 2. Nf3 d5 3. e3 Nf6 4. b3 c5 5. Bb2 Nc6 6.
Bb5 Bd6 7. O-O O-O 8. a3 a6 9. Bxc6 bxc6 10. Ne2 Qc7 11. d4 Rb8 12. Ne5 Nd7 13.
f4 f6 14. Nf3 a5 15. dxc5 Nxc5 16. Ng3 Ba6 17. Rf2 e5 18. f5 Na4 19. Bc1 Nb6
20. Bd2 Nd7 21. Qe1 a4 22. b4 Nb6 23. Bc3 Nc4 24. Nd2 c5 25. Nxc4 Bxc4 26. bxc5
Bxc5 27. Bb4 Rfe8 28. Bxc5 Qxc5 29. Kh1 Rb2 30. Rd2 Reb8 31. h3 Qa5 32. Nh5
R8b7 33. Qf2 Qc3 34. Kh2 Rxc2 35. Rxc2 Qxa1 36. e4 Qxa3 37. exd5 Bxd5 38. Rc8+
Kf7 39. Qc2 Qb4 40. Qc1 a3 41. Ra8 Qb2 42. Rf8+ Kxf8 43. Qc5+ Ke8 44. Qxd5 a2
45. Qg8+ Kd7 46. Qxg7+ Kc8 47. Qf8+ Kc7 48. Nxf6 a1=Q 49. Ne8+ Kb6 50. Qd6+ Ka7
0-1

[Event "13e tournoi d'automne - tournoi A"]
[Site "Montigny le Bretonneux"]
[Date "2014.10.26"]
[Round "9.1"]
[White "Iasoni, Robert"]
[Black "Koenig, Joel"]
[Result "0-1"]
[WhiteElo "2137"]
[BlackElo "1829"]
[Annotator "Rivier,Sylvain"]
[PlyCount "78"]
[EventDate "2014.??.??"]

{Partie du pion dame} 1. d4 Nc6 2. Nf3 d5 3. Bf4 Nf6 4. e3 Bf5 5. Bd3 Ne4 6.
Nbd2 e6 7. a3 Bd6 8. Bxd6 Qxd6 9. b4 O-O 10. b5 Ne7 11. Nh4 Nc3 12. Nxf5 Nxf5
13. Qh5 g6 14. Qg4 Ng7 15. f4 a6 16. bxa6 b5 17. Nb3 Rxa6 18. Nc5 Ra7 19. Kd2
f5 20. Qh4 Ne4+ 21. Bxe4 fxe4 22. Rhb1 c6 23. a4 bxa4 24. Rxa4 Rxa4 25. Nxa4
Nf5 26. Qh3 Qc7 27. Nc5 Qa5+ 28. Kd1 Qc3 29. Rb3 Qc4 30. g4 Nxd4 31. exd4 Qxd4+
32. Kc1 Qxc5 33. Rb7 Qg1+ 34. Kd2 Qf2+ 35. Kc1 Qxf4+ 36. Kb2 Qf6+ 37. c3 Rf7
38. Rb8+ Kg7 39. Ka3 Qf3 0-1

[Event "13e tournoi d'automne - tournoi A"]
[Site "Montigny le Bretonneux"]
[Date "2014.10.26"]
[Round "9.2"]
[White "Plantet, Marc"]
[Black "Rettore, Ludwig"]
[Result "1-0"]
[WhiteElo "1858"]
[BlackElo "2135"]
[Annotator "Rivier,Sylvain"]
[PlyCount "73"]
[EventDate "2014.??.??"]

{Gambit dame, défense Tarrasch} 1. Nf3 e6 2. c4 d5 3. d4 c5 4. cxd5 exd5 5. Nc3
Nc6 6. Bg5 f6 7. Bf4 c4 8. e4 dxe4 9. Nxe4 Bb4+ 10. Nc3 Be6 11. Be2 Nge7 12.
O-O O-O 13. a3 Bxc3 14. bxc3 b5 15. Qc2 Bf5 16. Qb2 a6 17. a4 Qd5 18. Nd2 Bd3
19. Bxd3 cxd3 20. Rfe1 Ng6 21. Be3 Kh8 22. Qb1 f5 23. f3 f4 24. Bf2 Rae8 25.
Rxe8 Rxe8 26. Qxd3 b4 27. c4 Qg5 28. Ne4 Qf5 29. Qd2 Rb8 30. c5 Na5 31. Qe2 Nb3
32. Rb1 Qd5 33. Qa2 Qc4 34. Qxb3 Qe2 35. Nd6 h5 36. Re1 Qd2 37. c6 1-0

[Event "13e tournoi d'automne - tournoi A"]
[Site "Montigny le Bretonneux"]
[Date "2014.10.26"]
[Round "9.3"]
[White "Fruchard, Cyrille"]
[Black "David, Frederic"]
[Result "1-0"]
[WhiteElo "2011"]
[BlackElo "2043"]
[Annotator "Rivier,Sylvain"]
[PlyCount "81"]
[EventDate "2014.??.??"]

{Ouverture du pion dame} 1. d4 g6 2. c4 Bg7 3. Nc3 c5 4. d5 Bxc3+ 5. bxc3 f5 6.
Nf3 Nf6 7. Bh6 Qa5 8. Qc2 d6 9. e3 Ne4 10. Bd3 Nd7 11. Bxe4 fxe4 12. Nd2 Ne5
13. O-O Nf7 14. Bf4 g5 15. Bg3 h5 16. h4 Rg8 17. Nxe4 gxh4 18. Bxh4 Rg4 19. Bg3
h4 20. Bf4 Bd7 21. g3 O-O-O 22. f3 Rg7 23. g4 Bf5 24. Kf2 Rdg8 25. a4 Bxe4 26.
Qxe4 Qxc3 27. Rfc1 Qd2+ 28. Kf1 h3 29. Qc2 Qa5 30. Rcb1 h2 31. Bxh2 Ng5 32. Rb5
Qd8 33. Kg2 Qf8 34. Bf4 Nxf3 35. Kxf3 Rxg4 36. Qe4 Rg3+ 37. Ke2 Qg7 38. Qe6+
Kd8 39. Bxg3 Qxg3 40. Rxb7 Qh2+ 41. Kd3 1-0

[Event "13e tournoi d'automne - tournoi A"]
[Site "Montigny le Bretonneux"]
[Date "2014.10.26"]
[Round "9.4"]
[White "Forissier, Nicolas"]
[Black "Veron, Cyprien"]
[Result "1-0"]
[WhiteElo "1929"]
[BlackElo "2031"]
[Annotator "Rivier,Sylvain"]
[PlyCount "113"]
[EventDate "2014.??.??"]

{Gambit dame, variante Meran} 1. d4 d5 2. c4 e6 3. Nc3 c6 4. e3 Nf6 5. Nf3 Nbd7
6. Bd3 dxc4 7. Bxc4 b5 8. Bd3 a6 9. O-O c5 10. e4 cxd4 11. Nxd4 Ne5 12. Bc2 Bb7
13. Bf4 Ng6 14. Bg3 Bc5 15. Nb3 Bb6 16. e5 Qxd1 17. Raxd1 Nh5 18. Ne4 Nxg3 19.
Nd6+ Ke7 20. hxg3 Bd5 21. Rfe1 Nxe5 22. Nf5+ Kf6 23. Nxg7 Ng4 24. Nh5+ Kg5 25.
Nf4 Bxf2+ 26. Kf1 Bxe1 27. Rxe1 Bc4+ 28. Kg1 e5 29. Nh3+ Kf6 30. Nc5 Rad8 31.
Nxa6 Rd2 32. Bd1 h5 33. b3 Bd5 34. Bf3 e4 35. Be2 Ke5 36. Nb4 f5 37. Nf4 Nf6
38. Ng6+ Kd4 39. Nxh8 Kc3 40. Nxd5+ Nxd5 41. Bxb5 Rxa2 42. Bc4 Nb4 43. Re2 Rxe2
44. Bxe2 Kxb3 45. Bxh5 Kc3 46. Ng6 Nc6 47. Nf4 Kd2 48. Kf1 Nd4 49. Ne2 Nc2 50.
Kf2 Ne1 51. Bg6 e3+ 52. Kf1 Nxg2 53. Kxg2 Kxe2 54. Bxf5 Kd2 55. Bg4 e2 56. Bxe2
Kxe2 57. g4 1-0

[Event "13e tournoi d'automne - tournoi A"]
[Site "Montigny le Bretonneux"]
[Date "2014.10.26"]
[Round "9.5"]
[White "Renoux, Frederic"]
[Black "De Lagontrie, Jean"]
[Result "1-0"]
[WhiteElo "1884"]
[BlackElo "1870"]
[Annotator "Rivier,Sylvain"]
[PlyCount "75"]
[EventDate "2014.??.??"]

{Gambit de Budapest, variante principale} 1. d4 Nf6 2. c4 e5 3. dxe5 Ng4 4. Bf4
Bb4+ 5. Nd2 Nc6 6. Ngf3 Qe7 7. e3 O-O 8. Be2 Ngxe5 9. Nxe5 Nxe5 10. O-O Ng6 11.
Bg3 Bd6 12. Bxd6 Qxd6 13. Ne4 Qe7 14. Nc3 d6 15. Qd4 Be6 16. Nd5 Bxd5 17. cxd5
c5 18. dxc6 bxc6 19. Rfd1 Rfd8 20. b4 c5 21. bxc5 dxc5 22. Qc3 Rxd1+ 23. Rxd1
Rc8 24. Ba6 Rc7 25. Qd2 Nf8 26. Qd8 Qxd8 27. Rxd8 g6 28. Rc8 Rxc8 29. Bxc8 Kg7
30. Kf1 Kf6 31. Ke2 g5 32. Kd3 Ke5 33. Kc4 Kd6 34. Bf5 h6 35. f4 Ne6 36. Bxe6
fxe6 37. fxg5 hxg5 38. h3 1-0